Derecho penal argentino. Tomo IV /
Guardado en:
| Autor Principal: | |
|---|---|
| Formato: | Libro |
| Idioma: | Spanish |
| Publicado: |
Buenos Aires,
La Ley
1970 :
|
| Edición: | 3a. ed. |
| Materias: | |
| Etiquetas: |
Agregar Etiqueta
Sin Etiquetas, Sea el primero en etiquetar este registro!
|
| LEADER | 00431nam a22001455a 4500 | ||
|---|---|---|---|
| 001 | DER.der015523 | ||
| 008 | 251117s1970####|||||||||||||||||#||spa|| | ||
| 005 | 20251117152511.0 | ||
| 245 | 1 | 0 | |a Derecho penal argentino. |n Tomo IV / |c Sebastián Soler. |
| 250 | |a 3a. ed. | ||
| 260 | |a Buenos Aires, |c 1970 : |b La Ley | ||
| 300 | |a 623 p. | ||
| 100 | 1 | |a Soler, Sebastián | |
| 650 | 7 | |a DERECHO PENAL | |
| 859 | |a DERECHO |b BIB. DERECHO |h 345 |i SOL |p 006951 |v IV |3 Tomo IV | ||
